LDR 00577naa#a2200193#i#450# 001 EN\INFRA-M\bibl\126157 005 20260704193015.6 011 ## _a2500-0500 100 ## _a20260618b2026####ek#y0engy0150####ca 102 ## _aRU 200 1# _aMethodology for sociological measurement 
of quality of life _eJournal article 210 1# _aMoscow _cINFRA-M Academic Publishing LLC. _d2026 215 ## _a6 с. 608 ## _aJournal article _2local 675 ## _aСоциология. 316 _z 700 #1 _aMikhed _gA. D. 700 #1 _aAleksashina _gO. V. 700 #1 _aSerezhkina _gYu. E. 856 4# _anaukaru.ru _u